The Kite Runner (Record no. 13362)
[ view plain ]
| 000 -LEADER | |
|---|---|
| fixed length control field | 00359nam a22001577a 4500 |
| 003 - CONTROL NUMBER IDENTIFIER | |
| control field | MAJU-Karachi |
| 005 - DATE AND TIME OF LATEST TRANSACTION | |
| control field | 20220720105740.0 |
| 008 - FIXED-LENGTH DATA ELEMENTS--GENERAL INFORMATION | |
| fixed length control field | 220720b ||||| |||| 00| 0 eng d |
| 020 ## - INTERNATIONAL STANDARD BOOK NUMBER | |
| International Standard Book Number | 9781408855652 |
| 040 ## - CATALOGING SOURCE | |
| Transcribing agency | dlc |
| 050 ## - LIBRARY OF CONGRESS CALL NUMBER | |
| Classification number | 813.6 |
| Item number | 10426 |
| 082 ## - DEWEY DECIMAL CLASSIFICATION NUMBER | |
| Classification number | 813.6 |
| Item number | 10426 |
| 100 ## - MAIN ENTRY--PERSONAL NAME | |
| Personal name | Khaled Hosseini |
| 245 ## - TITLE STATEMENT | |
| Title | The Kite Runner |
| 942 ## - ADDED ENTRY ELEMENTS (KOHA) | |
| Source of classification or shelving scheme | |
| Koha item type | English Literature |
| Withdrawn status | Lost status | Source of classification or shelving scheme | Damaged status | Not for loan | Permanent Location | Current Location | Shelving location | Date acquired | Total Checkouts | Total Renewals | Full call number | Barcode | Date last seen | Date checked out | Price effective from | Koha item type |
|---|---|---|---|---|---|---|---|---|---|---|---|---|---|---|---|---|
| | | | | | MAJU | MAJU | | 2022-07-20 | 10 | 4 | 813.6 | 10426 | 2025-03-25 | 2025-03-18 | 2022-07-20 | English Literature |